00422nam a2200121 a 4500008004100000050002200041110004700063245010200110260003700212300000900249350000900258650003300267081120s1975 ||||||||||||||||| || u aGOV.ZAM(02)1975/3 aGovernment of the Republic of Zambia (GRZ)14aThe year ahead: a look at some of the problems we face - how they arose and how to deal with them aLusakabGovernment Printerc1975 a16p. a0.00 0aECONOMIC DEVELOPMENT--ZAMBIA